00682nas a2200205 454500001000500000005001700005008003700022003001500059040004000074080008500114245003400199264004000233310003000273041000800303650001400311650001400325650003100339650001200370856009400382448620260407193504.0260407s2012####ag###########|||spa#dAR-UNSa-BCEJYS aAR-UNSa-BCEJYSbspacAR-UNSa-BCEJYS a65xGestión y organización de la industria, el comercio y las comunicaciones10aWOBIpWorld of Business Ideas 1aBuenos Aires :bHSM Argentinac2012 aBimestral ISSN: 0328-9117 aspa aGestión aMarketing aADMINISTRACION DE EMPRESAS aMercado41uhttps://biblioeco.unsa.edu.ar/pmb/images/revistas/WOBI.JPGyImagen de portadaqimage/jpeg